| 000 | 00677nam a22001937a 4500 | ||
|---|---|---|---|
| 999 |
_c168000 _d168000 |
||
| 005 | 20190924170031.0 | ||
| 010 | _aUR-10493 | ||
| 020 |
_c350.00 _a9789383353118 |
||
| 035 | _aU-9048 | ||
| 037 |
_bDBAD/PUB _a- |
||
| 082 | _a840.08 | ||
| 100 | _aمر تبہ:نصير ا حمد خا ن | ||
| 245 |
_aگو يا د بستا ں کھل گيا _cمر تبہ:نصير ا حمد خا ن |
||
| 246 |
_bGoyaa Dabistaan Khul Gayaa (Urdu) _aby Prof. Naseer Ahmed Khan |
||
| 260 |
_aN.Delhi _bGhalib Academy _c2019 ء |
||
| 270 |
_aBasti Hazrat Nizamuddin, _bN.Delhi _e110013 _k9603018825 _l- |
||
| 300 |
_a354 ص _c22 Cm(Hb) |
||
| 942 |
_2ddc _cUR _h840.08 _mغ ا ل |
||